000 00498nam a2200193Ia 4500
005 20240823024200.0
008 240823s9999||||xx |||||||||||||| ||und||
020 _a978-0-07015335-6
041 _aENGLISH
082 _A658.1 P9
100 _aGurusamy S
245 0 _aFinancial Services and System
250 _a2nd
260 _c2009
_b"Tata McGraw-Hill Publishing Company Ltd,New "
500 _aYES
650 _aFinancial Services
_bManagement Studies
942 _cBK
999 _c183316
_d183316